CNY做过的quiz 地雷模式 - Statistics

General Stats
  • This quiz has been taken 17 times
  • The average score is 2 of 15
Answers on the Grid
Answers color-coded by a green-red scale on the quiz's grid according to % correct below.
清代府级行政区(1820年)
朝鲜战争中“联合国军”参与国家
北京市轨道交通常识测试
河北省县级行政区划
至今仍存在的中国首都城市
京广高铁与京广铁路所有客运车站
1936年各国领导人
CBA历届冠亚军
亚洲杯举办国家/地区
清朝年号
2023中超联赛参赛队伍
2023年中华老字号数量 猜省份
《古诗十九首》篇目
《昭明文选》中赋的作者
中国内地哪些民族拥有本民族自治州
中国内地没有火车客运的地级行政区
中国围棋协会产生的职业九段棋士
古塔在哪个省份
国家一级博物馆3座以上的地级行政区及直辖市
天津海河牌220ml花色牛奶有哪些口味
日本本土历史分期
根据特色汽水猜中国城市
诗歌史上著名的五位苏州主官
这座中国城市有没有过城墙
选出具有河北属性的事物
 
Answer Stats
Answer % Correct
天津海河牌220ml花色牛奶有哪些口味
40%
《古诗十九首》篇目
20%
《昭明文选》中赋的作者
20%
中国内地哪些民族拥有本民族自治州
20%
中国内地没有火车客运的地级行政区
20%
日本本土历史分期
20%
诗歌史上著名的五位苏州主官
20%
这座中国城市有没有过城墙
20%
中国围棋协会产生的职业九段棋士
0%
古塔在哪个省份
0%
根据特色汽水猜中国城市
0%
选出具有河北属性的事物
0%
2023中超联赛参赛队伍
0%
2023年中华老字号数量 猜省份
0%
国家一级博物馆3座以上的地级行政区及直辖市
0%
No matching quizzes found
Score Distribution
Percent of People with Each Score
Percentile by Number Answered
Your Score History
You have not taken this quiz